[Event "Montevideo op 8th"]
[Site "Montevideo"]
[Date "2025.02.05"]
[Round "6"]
[White "De Lima, Adriano Gaspar"]
[Black "De Dovitiis, Alejo"]
[Result "1-0"]
[WhiteElo "2073"]
[BlackElo "2225"]
[PlyCount "123"]
[EventDate "2025.01.31"]
[EventType "swiss"]
[EventRounds "9"]
[EventCountry "URU"]
[SourceTitle "CB08_2025"]
[SourceDate "2025.02.19"]
[SourceVersion "1"]
[SourceVersionDate "2025.02.19"]
[SourceQuality "1"]

1. d4 Nf6 2. c4 e6 3. Nf3 b6 4. g3 Ba6 5. Qc2 Bb7 6. Bg2 c5 7. 0-0 Be4 8. Qa4 cxd4 9. Nxd4 Bxg2 10. Kxg2 Bc5 11. Nf3 0-0 12. b4 Be7 13. Bb2 Nc6 14. a3 a5 15. b5 Nb8 16. Rd1 Qc7 17. Nbd2 Qb7 18. Rac1 d6 19. Kg1 e5 20. Qc2 Nbd7 21. Ng5 Nc5 22. f3 h6 23. Nge4 Nfxe4 24. Nxe4 Nxe4 25. Qxe4 Qxe4 26. fxe4 Bg5 27. Rc3 f5 28. exf5 Rxf5 29. Rxd6 Be7 30. e4 Rf7 31. Rd2 Raf8 32. Rcc2 g5 33. Bxe5 Bxa3 34. Bd6 Bxd6 35. Rxd6 Rf6 36. Rcd2 Kg7 37. e5 Rxd6 38. exd6 Rd8 39. d7 g4 40. Rd6 h5 41. Rxb6 Rxd7 42. c5 a4 43. c6 Rd1+ 44. Kf2 Rc1 45. Ra6 Rc5 46. Rxa4 Rxb5 47. Rc4 Rb8 48. c7 Rc8 49. Rc6 Kf7 50. Ke3 Ke7 51. Kf4 Kd7 52. Rc2 Rf8+ 53. Kg5 Kc8 54. Kxh5 Rg8 55. Rc4 Rg7 56. Rxg4 Rh7+ 57. Kg6 Rxc7 58. Rd4 Rc3 59. g4 Rh3 60. Rd2 Rh8 61. g5 Rg8+ 62. Kf6 1-0

[Event "Montevideo op 8th"]
[Site "Montevideo"]
[Date "2025.01.31"]
[Round "1"]
[White "Rubinstein, Eloi"]
[Black "De Lima, Adriano Gaspar"]
[Result "0-1"]
[WhiteElo "1762"]
[BlackElo "2073"]
[PlyCount "78"]
[EventDate "2025.01.31"]
[EventType "swiss"]
[EventRounds "9"]
[EventCountry "URU"]
[SourceTitle "CB08_2025"]
[SourceDate "2025.02.19"]
[SourceVersion "1"]
[SourceVersionDate "2025.02.19"]
[SourceQuality "1"]

1. e4 c5 2. Nf3 d6 3. d4 cxd4 4. Nxd4 Nf6 5. Nc3 a6 6. Be2 e5 7. Nb3 Be6 8. Be3 d5 9. exd5 Nxd5 10. Nxd5 Bxd5 11. 0-0 Nc6 12. Re1 Be7 13. Nc5 Bxc5 14. Bxc5 f6 15. Bf3 Be6 16. c3 Kf7 17. Qc2 Qc7 18. Rad1 g6 19. Bd5 Bxd5 20. Rxd5 Rhd8 21. Rxd8 Nxd8 22. Qb3+ Ne6 23. Rd1 Re8 24. Be3 Kg7 25. Qa4 Rd8 26. Rxd8 Qxd8 27. g3 f5 28. h4 Qd6 29. f4 b5 30. fxe5 Qd3 31. Qxa6 Qxe3+ 32. Kh2 Qxe5 33. Qa7+ Kh6 34. Qf2 f4 35. g4 f3+ 36. Kh1 Qf4 37. g5+ Kh5 38. Kg1 Qg4+ 39. Kf1 Nf4 0-1

[Event "Titled Tuesday intern op 28th Jan Early"]
[Site "Chess.com INT"]
[Date "2025.01.28"]
[Round "8"]
[White "De Lima, Adriano Gaspar"]
[Black "Toczek, Grzegorz"]
[Result "1-0"]
[WhiteElo "2073"]
[BlackElo "2239"]
[PlyCount "135"]
[EventDate "2025.01.28"]
[EventType "swiss (blitz)"]
[EventRounds "11"]
[EventCountry "USA"]
[SourceTitle "CB06_2025"]
[SourceDate "2025.02.05"]
[SourceVersion "1"]
[SourceVersionDate "2025.02.05"]
[SourceQuality "1"]

1. d4 Nf6 2. c4 e6 3. Nf3 d5 4. Bg5 Be7 5. e3 a6 6. Nc3 0-0 7. Qc2 Nbd7 8. cxd5 exd5 9. Bd3 h6 10. Bh4 c5 11. 0-0 c4 12. Bf5 b5 13. e4 dxe4 14. Nxe4 Bb7 15. Rfe1 Nxe4 16. Bxe7 Qxe7 17. Bxe4 Bxe4 18. Qxe4 Qxe4 19. Rxe4 Nf6 20. Re7 Rfd8 21. Rae1 Nd5 22. Rb7 Re8 23. Rxe8+ Rxe8 24. Kf1 Nb4 25. Rb6 Nd3 26. Rxa6 Nxb2 27. Rb6 c3 28. Rxb5 c2 29. Rc5 Ra8 30. Rxc2 Rxa2 31. Ne1 Kf8 32. Re2 g5 33. d5 Ra5 34. Rxb2 Rxd5 35. Re2 Kg7 36. f3 Kg6 37. Kf2 Ra5 38. Nd3 f6 39. Ne1 h5 40. Nc2 h4 41. Ne3 Ra4 42. Ng4 Ra6 43. Rc2 Rb6 44. Ne3 Rd6 45. Rb2 Ra6 46. Nd5 Rd6 47. Nc3 Ra6 48. h3 Rc6 49. Ne4 Ra6 50. Rd2 Rb6 51. Rd6 Rb2+ 52. Kg1 Kf5 53. Rxf6+ Ke5 54. Rg6 Kf4 55. Rxg5 Ke3 56. Kh2 Rb1 57. Rg4 Rb6 58. Rxh4 Rg6 59. Rg4 Rh6 60. h4 Ke2 61. Kg3 Ke3 62. Rg5 Ra6 63. h5 Ra1 64. Rg4 Rh1 65. Rh4 Ra1 66. h6 Ra8 67. h7 Rh8 68. Ng5 1-0

[Event "Titled Tuesday intern op 21st Jan Late"]
[Site "Chess.com INT"]
[Date "2025.01.21"]
[Round "3"]
[White "Nunez Lucero, Francisco Alex"]
[Black "De Lima, Adriano Gaspar"]
[Result "0-1"]
[WhiteElo "2014"]
[BlackElo "2073"]
[PlyCount "56"]
[EventDate "2025.01.21"]
[EventType "swiss (blitz)"]
[EventRounds "11"]
[EventCountry "USA"]
[SourceTitle "CB05_2025"]
[SourceDate "2025.01.29"]
[SourceVersion "1"]
[SourceVersionDate "2025.01.29"]
[SourceQuality "1"]

1. e4 c5 2. d4 cxd4 3. c3 d3 4. Bxd3 d6 5. h3 Nf6 6. Nf3 e6 7. c4 Be7 8. Nc3 0-0 9. 0-0 Nbd7 10. Qe2 a6 11. Be3 Qc7 12. Rfd1 b6 13. b3 Bb7 14. Rab1 Rfd8 15. Rbc1 Nc5 16. Bxc5 dxc5 17. e5 Nh5 18. Bb1 Nf4 19. Qc2 g6 20. Ne4 Rxd1+ 21. Rxd1 Rd8 22. Kh2 f6 23. g3 Nh5 24. exf6 Nxf6 25. Nxf6+ Bxf6 26. Rxd8+ Qxd8 27. Qd3 Qxd3 28. Bxd3 Bxf3 0-1

[Event "Titled Tuesday intern op 21st Jan Late"]
[Site "Chess.com INT"]
[Date "2025.01.21"]
[Round "7"]
[White "Pesotskiy, Mikhail"]
[Black "De Lima, Adriano Gaspar"]
[Result "1-0"]
[WhiteElo "2155"]
[BlackElo "2073"]
[PlyCount "41"]
[EventDate "2025.01.21"]
[EventType "swiss (blitz)"]
[EventRounds "11"]
[EventCountry "USA"]
[SourceTitle "CB05_2025"]
[SourceDate "2025.01.29"]
[SourceVersion "1"]
[SourceVersionDate "2025.01.29"]
[SourceQuality "1"]

1. d4 Nf6 2. c4 g6 3. Nc3 Bg7 4. e4 d6 5. f3 0-0 6. Be3 e5 7. d5 Nbd7 8. Bd3 a5 9. Nge2 Nc5 10. Bc2 Nh5 11. Qd2 f5 12. exf5 gxf5 13. 0-0-0 b6 14. h3 Qf6 15. g4 fxg4 16. hxg4 Nf4 17. Bxh7+ Kf7 18. Nxf4 exf4 19. Bxf4 Ke8 20. Rhe1+ Kf7 21. Bg5 1-0

[Event "Titled Tuesday intern op 14th Jan Early"]
[Site "Chess.com INT"]
[Date "2025.01.14"]
[Round "6"]
[White "De Lima, Adriano Gaspar"]
[Black "Gibala, Adam"]
[Result "0-1"]
[WhiteElo "2073"]
[BlackElo "2204"]
[PlyCount "100"]
[EventDate "2025.01.14"]
[EventType "swiss (blitz)"]
[EventRounds "11"]
[EventCountry "USA"]
[SourceTitle "CB04_2025"]
[SourceDate "2025.01.22"]
[SourceVersion "1"]
[SourceVersionDate "2025.01.22"]
[SourceQuality "1"]

1. d4 Nf6 2. c4 e6 3. Nf3 c5 4. Nc3 cxd4 5. Nxd4 Nc6 6. a3 Nxd4 7. Qxd4 b6 8. e4 Bc5 9. Qd3 Ng4 10. Nd1 Bb7 11. f3 Ne5 12. Qc3 Qh4+ 13. g3 Qf6 14. Be2 Bd4 15. Qb3 a5 16. Bf4 a4 17. Qb4 g5 18. Bxe5 Qxe5 19. Nf2 Bxb2 20. Nd3 Bc3+ 21. Kf1 Bxb4 22. Nxe5 Bc3 23. Rb1 Bxe5 24. Rxb6 Bc6 25. Kg2 Bc7 26. Rb4 0-0 27. c5 Ba5 28. Rb2 Rab8 29. Rhb1 Rxb2 30. Rxb2 Bc7 31. Bc4 Rb8 32. Rxb8+ Bxb8 33. Kf2 Ba7 34. Ke2 Bxc5 35. Kd3 Bxa3 36. Kc2 Bd6 37. Ba2 h5 38. Kd3 h4 39. gxh4 gxh4 40. h3 Bf4 41. Kc4 Kg7 42. Kd4 Kf6 43. Kc4 Be5 44. Kd3 Kg5 45. Ke2 Kh5 46. Kf2 Kg5 47. Kg2 Kf4 48. Kf2 Bd4+ 49. Ke2 d5 50. exd5 Bxd5 0-1

[Event "Titled Tuesday intern op 14th Jan Early"]
[Site "Chess.com INT"]
[Date "2025.01.14"]
[Round "7"]
[White "Tavernier, Loris"]
[Black "De Lima, Adriano Gaspar"]
[Result "0-1"]
[WhiteElo "2063"]
[BlackElo "2073"]
[PlyCount "136"]
[EventDate "2025.01.14"]
[EventType "swiss (blitz)"]
[EventRounds "11"]
[EventCountry "USA"]
[SourceTitle "CB04_2025"]
[SourceDate "2025.01.22"]
[SourceVersion "1"]
[SourceVersionDate "2025.01.22"]
[SourceQuality "1"]

1. e4 c5 2. d4 cxd4 3. c3 d3 4. Bxd3 d6 5. Nf3 Nf6 6. 0-0 g6 7. c4 Bg7 8. Nc3 0-0 9. h3 Nc6 10. Be3 a6 11. Rc1 Nd7 12. b3 Nde5 13. Bb1 Nxf3+ 14. Qxf3 Ne5 15. Qe2 Bd7 16. f4 Nc6 17. f5 Nd4 18. Qf2 e5 19. f6 Bh8 20. Nd5 Nc6 21. Bb6 Qe8 22. Nc7 Qc8 23. Nxa8 Qxa8 24. Rcd1 Qb8 25. Qd2 Be6 26. Qxd6 Qc8 27. Rf3 Re8 28. Bd3 Rf8 29. Bf1 Re8 30. b4 Nb8 31. a3 Nd7 32. c5 Nb8 33. Qxe5 Nc6 34. Qc7 Qxc7 35. Bxc7 Bb3 36. Rd7 Be6 37. Rd2 Bb3 38. e5 Be6 39. g4 h5 40. gxh5 gxh5 41. Rg2+ Kh7 42. Bd3+ Kh6 43. Bd6 Bd5 44. Rfg3 Bxg2 45. Rxg2 Nxe5 46. Re2 Nf3+ 47. Kf2 Rxe2+ 48. Kxe2 Nd4+ 49. Ke3 Bxf6 50. Bf8+ Kg5 51. Be4 Nc6 52. Bxc6 bxc6 53. a4 Bc3 54. b5 axb5 55. axb5 cxb5 56. c6 Ba5 57. Bd6 Kh4 58. Kf3 Kxh3 59. Kf2 b4 60. Kg1 Bb6+ 61. Kh1 b3 62. Ba3 f5 63. Bc1 f4 64. Bb2 f3 65. Bd4 f2 66. Bxf2 b2 67. c7 b1Q+ 68. Be1 Qxe1# 0-1

[Event "Titled Tuesday intern op 14th Jan Early"]
[Site "Chess.com INT"]
[Date "2025.01.14"]
[Round "9"]
[White "Weisz, Bryan"]
[Black "De Lima, Adriano Gaspar"]
[Result "0-1"]
[WhiteElo "2057"]
[BlackElo "2073"]
[PlyCount "64"]
[EventDate "2025.01.14"]
[EventType "swiss (blitz)"]
[EventRounds "11"]
[EventCountry "USA"]
[SourceTitle "CB04_2025"]
[SourceDate "2025.01.22"]
[SourceVersion "1"]
[SourceVersionDate "2025.01.22"]
[SourceQuality "1"]

1. e4 c5 2. Bc4 e6 3. Nf3 Nc6 4. d4 cxd4 5. Nxd4 d6 6. Nc3 Nf6 7. Bb3 Be7 8. Be3 0-0 9. 0-0 a6 10. f4 Qc7 11. Kh1 b5 12. f5 Nxd4 13. Bxd4 Kh8 14. g4 e5 15. Be3 Bb7 16. Qf3 b4 17. Nd5 Nxd5 18. exd5 f6 19. Rac1 Rac8 20. c4 bxc3 21. bxc3 Qa5 22. c4 Bd8 23. Qh3 Bb6 24. Rce1 Bxe3 25. Rxe3 Qd2 26. Rg3 a5 27. Rfg1 a4 28. Bxa4 Rxc4 29. Bd7 Bxd5+ 30. R3g2 Rc1 31. g5 Rxg1+ 32. Kxg1 Qe1# 0-1

[Event "Buenos Aires Masters op"]
[Site "Buenos Aires"]
[Date "2024.06.17"]
[Round "1"]
[White "De Lima, Adriano Gaspar"]
[Black "Toller, Bautista"]
[Result "1-0"]
[WhiteElo "2021"]
[BlackElo "1734"]
[PlyCount "103"]
[EventDate "2024.06.17"]
[EventType "swiss"]
[EventRounds "9"]
[EventCountry "ARG"]
[SourceTitle "CBM 220 Extra"]
[Source "ChessBase"]
[SourceDate "2024.07.31"]
[SourceVersion "1"]
[SourceVersionDate "2024.07.31"]
[SourceQuality "1"]

1. d4 Nf6 2. c4 e6 3. Nf3 d5 4. cxd5 exd5 5. Nc3 c6 6. Bg5 Be7 7. Qc2 0-0 8. e3 h6 9. Bh4 Re8 10. Bd3 Ne4 11. Bxe7 Qxe7 12. 0-0 Nd7 13. Rab1 Nb6 14. Nd2 Bf5 15. Rfe1 Qg5 16. Ndxe4 dxe4 17. Nxe4 Bxe4 18. Bxe4 Re6 19. g3 Rae8 20. Bg2 f5 21. Red1 Kh8 22. b4 Nd5 23. b5 a5 24. bxc6 bxc6 25. Bxd5 cxd5 26. Qc5 Rxe3 27. Qxd5 Ra3 28. Qf7 Qe7 29. Qxe7 Rxe7 30. Rd2 Rd7 31. Rc1 Rd5 32. Rc4 Kg8 33. Kf1 Kf7 34. Ke2 Ke7 35. Kd1 Kd7 36. Kc1 f4 37. Kb2 Rf3 38. Rc3 Rb5+ 39. Kc2 Rxc3+ 40. Kxc3 fxg3 41. fxg3 Kd6 42. Re2 Rb1 43. Rb2 Rc1+ 44. Kb3 Kd5 45. Ka4 Kxd4 46. Kxa5 Rc5+ 47. Kb6 Rc8 48. Kb7 Rc4 49. Ka6 Kc5 50. Ka5 Kd4 51. Rb4 g5 52. a4 1-0

[Event "ARG-ch sf 99th"]
[Site "Buenos Aires"]
[Date "2024.06.05"]
[Round "5"]
[White "De Lima, Adriano Gaspar"]
[Black "Martinez, Tomas1"]
[Result "1-0"]
[WhiteElo "2021"]
[BlackElo "1783"]
[PlyCount "71"]
[EventDate "2024.06.01"]
[EventType "swiss"]
[EventRounds "9"]
[EventCountry "ARG"]
[SourceTitle "CBM 220 Extra"]
[Source "ChessBase"]
[SourceDate "2024.07.31"]
[SourceVersion "1"]
[SourceVersionDate "2024.07.31"]
[SourceQuality "1"]

1. d4 Nf6 2. c4 e6 3. Nf3 b6 4. g3 Bb4+ 5. Nbd2 d5 6. Qa4+ Bd7 7. Qxb4 Nc6 8. Qc3 0-0 9. Ne5 Be8 10. Nxc6 Bxc6 11. Bg2 a5 12. 0-0 h6 13. cxd5 Bxd5 14. e4 Bb7 15. Re1 b5 16. Nb3 b4 17. Qc2 Ra6 18. Nc5 Rc6 19. e5 Nd5 20. Nxb7 Rxc2 21. Nxd8 Rxd8 22. Bxd5 Rxd5 23. Be3 Rxb2 24. Reb1 Rc2 25. Rc1 Rxc1+ 26. Rxc1 Rd7 27. Rc5 Rd5 28. Rxc7 Kf8 29. Kf1 Rb5 30. Rc5 Rb7 31. Rxa5 Ke7 32. d5 exd5 33. Ra7 Rxa7 34. Bxa7 Ke6 35. f4 g5 36. Ke2 1-0

[Event "ARG-ch sf 99th"]
[Site "Buenos Aires"]
[Date "2024.06.03"]
[Round "3"]
[White "De Lima, Adriano Gaspar"]
[Black "Needleman, Alejandro"]
[Result "0-1"]
[WhiteElo "2021"]
[BlackElo "2219"]
[PlyCount "92"]
[EventDate "2024.06.01"]
[EventType "swiss"]
[EventRounds "9"]
[EventCountry "ARG"]
[SourceTitle "CBM 220 Extra"]
[Source "ChessBase"]
[SourceDate "2024.07.31"]
[SourceVersion "1"]
[SourceVersionDate "2024.07.31"]
[SourceQuality "1"]

1. e4 d5 2. exd5 Qxd5 3. Nc3 Qa5 4. d4 Nf6 5. Nf3 c6 6. Bd3 Bg4 7. 0-0 e6 8. h3 Bh5 9. Be2 Nbd7 10. Ne5 Nxe5 11. Bxh5 Nxh5 12. Qxh5 Nc4 13. Qxa5 Nxa5 14. b3 b6 15. Ne4 Be7 16. c3 h6 17. Re1 Nb7 18. Bf4 Rd8 19. Rad1 Nd6 20. Nxd6+ Bxd6 21. Bxd6 Rxd6 22. f4 g6 23. a4 Ke7 24. Ra1 Rc8 25. Kf2 c5 26. dxc5 Rxc5 27. c4 Rf5 28. Ke3 g5 29. g3 gxf4+ 30. gxf4 Rh5 31. Rh1 a5 32. Rag1 e5 33. Re1 f6 34. Kf3 Rf5 35. Re4 Rd3+ 36. Kg4 Rxf4+ 37. Rxf4 exf4 38. Rb1 Rg3+ 39. Kxf4 Rxh3 40. Kf5 Kf7 41. Kg4 Rc3 42. Kf5 h5 43. Rb2 h4 44. Rh2 h3 45. Rb2 Ke7 46. Re2+ Kd6 0-1